Fr. Conceicao Rodrigues College of Engineering

Business data Processing (Record no. 19148)

MARC details
000 -LEADER
fixed length control field 00297nam a2200145Ia 4500
082 ## - DEWEY DECIMAL CLASSIFICATION NUMBER
Classification number 4
Item number JHA
100 ## - MAIN ENTRY--PERSONAL NAME
Personal name Jhaveri/ Nainesh
245 ## - TITLE STATEMENT
Title Business data Processing
260 ## - PUBLICATION, DISTRIBUTION, ETC.
Name of publisher, distributor, etc. Students book depot
300 ## - PHYSICAL DESCRIPTION
Extent 274
546 ## - LANGUAGE NOTE
Language note ENGLISH
654 ## - SUBJECT ADDED ENTRY--FACETED TOPICAL TERMS
Focus term business
942 ## - ADDED ENTRY ELEMENTS (KOHA)
Koha item type BOOK
Holdings
Withdrawn status Lost status Damaged status Not for loan Collection Home library Current library Date acquired Total Checkouts Full call number Barcode Date last seen Price effective from Koha item type
        CRC Fr. Agnel's C.Rodrigues College of Engineering Fr. Agnel's C.Rodrigues College of Engineering 17/03/2023   4 JHA 11045 17/03/2023 17/03/2023 BOOK